00551nam a2200157 a 450000100100000000500170001000800410002704000250006811000360009324500410012926000570017030000350022704900090026295201050027199900170037600002934820200930055507.0110415s2006 dr ac 000 0 spa d aDO-SdBNPbspacBNPHU1 aGrupo Financiero Popular91053310aReconocimiento a nuestra gente 2006. aSanto Domingo :bGrupo Financiero Popular,c[2006?]. a79 p. :bil., retrs. ;c28 cm. aBNPD 0010718PDaPDbPDcCTd2011-04-15iLF1l0o p29348-10r2020-06-25w2020-06-25yLFPDZNo se presta c28840d28840